<?xml version="1.0" encoding="UTF-8"?>
<record
    xmlns:xsi="http://www.w3.org/2001/XMLSchema-instance"
    xsi:schemaLocation="http://www.loc.gov/MARC21/slim http://www.loc.gov/standards/marcxml/schema/MARC21slim.xsd"
    xmlns="http://www.loc.gov/MARC21/slim">

  <leader>02071nam a22002057a 4500</leader>
  <controlfield tag="003">IT-MiCISF</controlfield>
  <controlfield tag="005">20230418115857.0</controlfield>
  <controlfield tag="008">230418b        |||||||| |||| 00| 0 eng d</controlfield>
  <datafield tag="040" ind1=" " ind2=" ">
    <subfield code="c">IT-MiCISF</subfield>
  </datafield>
  <datafield tag="041" ind1=" " ind2=" ">
    <subfield code="a">it</subfield>
  </datafield>
  <datafield tag="100" ind1=" " ind2=" ">
    <subfield code="a">Mignanelli Emily</subfield>
    <subfield code="9">59917</subfield>
  </datafield>
  <datafield tag="245" ind1=" " ind2=" ">
    <subfield code="a">Genitori a scadenza.</subfield>
    <subfield code="b">Dall'attaccamento al distacco, amare &#xE8; lasciare andare</subfield>
  </datafield>
  <datafield tag="260" ind1=" " ind2=" ">
    <subfield code="a">Milano, </subfield>
    <subfield code="b">Feltrinelli, </subfield>
    <subfield code="c">2022</subfield>
  </datafield>
  <datafield tag="300" ind1=" " ind2=" ">
    <subfield code="a">pp. 204</subfield>
  </datafield>
  <datafield tag="500" ind1=" " ind2=" ">
    <subfield code="a">genitorialit&#xE0;, educazione-genitori, distacco</subfield>
  </datafield>
  <datafield tag="520" ind1=" " ind2=" ">
    <subfield code="a">Ogni genitore, a un certo punto della sua onorata carriera, si trover&#xE0; prima o poi nella condizione di lasciar andare il proprio figlio. Anzi, questa dovrebbe essere la sua vera missione. Bisognerebbe saperlo, eppure quanto &#xE8; difficile accettarlo. Allora, come ci si prepara a questo momento? Come fare per non disperdere inconsapevolmente trappole che ostacolano il percorso? Come dirigerci, noi e i nostri figli, con serenit&#xE0; e saggezza verso l'inevitabile volo? Emily Mignanelli traccia in questo libro una "teoria del distacco", di un quieto e dignitoso congedo dal "contratto a tempo determinato" della genitorialit&#xE0;. Si rivolge al lettore perch&#xE9; segua una via educativa in grado di fornire ai figli i giusti spazi, tempi e strumenti per non tenerli ingabbiati in dinamiche di dipendenza affettiva, costretti in una vita di libert&#xE0; apparente, ma in realt&#xE0; alla cavezza di un controllo familiare che, per troppo amore, finisce per stritolarli. Imparare a lasciare spazio, a fare un passo indietro sono doveri genitoriali, tanto quelli iniziali di cura e accudimento. Permettere a ciascuno di salpare con la propria barca nell'oceano della vita &#xE8; un atto di amore, il pi&#xF9; grande, al quale ci si allena durante tutte le fasi di crescita di un figlio. Cos&#xEC; pure, atto di amore verso noi stessi e grande insegnamento per i figli lo &#xE8; riprendere in mano la nostra vita, ripartendo dalla domanda che forse, diventati adulti, abbiamo lasciato in sospeso: "Chi voglio essere io da grande?".</subfield>
  </datafield>
  <datafield tag="650" ind1=" " ind2=" ">
    <subfield code="a">Genitorialit&#xE0;</subfield>
    <subfield code="9">59918</subfield>
  </datafield>
  <datafield tag="654" ind1=" " ind2=" ">
    <subfield code="a">saggio</subfield>
  </datafield>
  <datafield tag="942" ind1=" " ind2=" ">
    <subfield code="2">ddc</subfield>
    <subfield code="c">BK</subfield>
  </datafield>
  <datafield tag="999" ind1=" " ind2=" ">
    <subfield code="c">359678</subfield>
    <subfield code="d">359678</subfield>
  </datafield>
  <datafield tag="952" ind1=" " ind2=" ">
    <subfield code="0">0</subfield>
    <subfield code="1">0</subfield>
    <subfield code="2">ddc</subfield>
    <subfield code="4">0</subfield>
    <subfield code="6">A_2403_000000000000000</subfield>
    <subfield code="7">1</subfield>
    <subfield code="a">CISF</subfield>
    <subfield code="b">CISF</subfield>
    <subfield code="d">2023-04-18</subfield>
    <subfield code="l">0</subfield>
    <subfield code="o">A2403</subfield>
    <subfield code="p">9788807091643</subfield>
    <subfield code="r">2023-04-18 00:00:00</subfield>
    <subfield code="w">2023-04-18</subfield>
    <subfield code="y">BK</subfield>
  </datafield>
</record>
